Utwory Cypriana Kamila Norwida - nagła śmierć - Statystyki

Ogólne statystyki
  • Ten quiz został rozwiązany 150 razy
  • Średni wynik to 5 z 9
Answers on the Grid
Answers color-coded by a green-red scale on the quiz's grid according to % correct below.
,,Bema pamięci żałobny rapsod"
,,Fortepian Szopena"
,,Coś ty Atenom zrobił, Sokratesie…"
,,Moja piosnka (Do kraju tego…)"
,,Promethidion"
,,Fatum"
,,Królestwo"
,,Czarny kwiat"
,,Pieśń społeczna"
,,Faraon"
,,Beniowski. Poema"
,,Konfederaci barscy"
,,Odprawa posłów greckich"
,,Dziady"
,,Wesele"
 
Statystyki odpowiedzi
Odpowiedź % Poprawnych
,,Coś ty Atenom zrobił, Sokratesie…"
73%
,,Moja piosnka (Do kraju tego…)"
73%
,,Fortepian Szopena"
72%
,,Bema pamięci żałobny rapsod"
71%
,,Promethidion"
60%
,,Czarny kwiat"
55%
,,Pieśń społeczna"
42%
,,Fatum"
36%
,,Królestwo"
31%
Nie znaleziono quizów pasujących do podanych kryteriów
Rozkład punktacji
Procent ludzi z każdym wynikiem
Percentyl według liczby udzielonych odpowiedzi
Twoja historia wyników
Nie rozwiązałeś tego quizu